Banking crises in Latin America in the 1990s lessons from Argentina, Paraguay, and Venezuela

Salvato in:
Dettagli Bibliografici
Autore principale: Garcia-Herrero, Alicia
Natura: Libro
Lingua:inglese
Pubblicazione: Washington International Monetary Fund 1997
Serie:IMF working paper WP/97/140
Soggetti:
Tags: Aggiungi Tag
Nessun Tag, puoi essere il primo ad aggiungerne!!

MARC

LEADER 00000nam a2200000 4500
001 c100142
005 20221124074429.8
041 0 |a eng 
044 |a US 
245 1 0 |a Banking crises in Latin America in the 1990s  |b lessons from Argentina, Paraguay, and Venezuela  |c Prepared by Alicia Garcia-Herrero 
264 1 |a Washington  |b International Monetary Fund  |c 1997 
300 |a 70 s. 
490 1 |a IMF working paper  |v WP/97/140 
830 0 |a IMF working paper  |v WP/97/140 
610 2 0 |a banky 
610 2 0 |a kríza banková 
610 2 0 |a kurz devízový 
610 2 0 |a kurz výmenný 
610 2 0 |a kapitál 
610 2 0 |a kontrola banková 
610 2 0 |a dolarizácia 
610 2 0 |a Argentína 
610 2 0 |a Paraguaj 
610 2 0 |a Venezuela 
610 2 0 |a Južná Amerika 
610 2 0 |a Latinská Amerika 
610 2 0 |a 1990 
100 1 |a Garcia-Herrero, Alicia